|
|
|
|
| LEADER |
00000nab a2200000 a 4500 |
| 001 |
vtls000909980 |
| 003 |
SK-MaSNL |
| 005 |
20260302173100.0 |
| 008 |
040720e20010000xo 0 slo |
| 035 |
|
|
|a KE18907
|
| 040 |
|
|
|a KEVKJB
|b slo
|c KEVKJB
|e AACR2
|
| 041 |
0 |
|
|a slo
|
| 044 |
|
|
|a xo
|c SK
|
| 080 |
|
|
|a 371.12
|2 1981
|
| 080 |
|
|
|a 614.84
|2 1981
|
| 080 |
|
|
|a 929
|2 1981
|
| 100 |
1 |
|
|a Falat, Ladislav
|4 aut
|9 877992
|
| 245 |
1 |
0 |
|a Barčiansky učiteľ a hasič
|
| 590 |
|
|
|a Birčák, Ladislav 1888-1975
|b učiteľ, hasič
|
| 600 |
1 |
7 |
|a Birčák, Ladislav 1888-1975
|2 KEVKJB
|9 880203
|
| 610 |
2 |
7 |
|a Dobrovoľný hasičský zbor (Košice - Barca, Slovensko)
|2 KEVKJB
|9 880204
|
| 650 |
0 |
7 |
|a školstvo
|2 KEVKJB
|9 19712
|
| 650 |
0 |
7 |
|a osudy životné
|2 KEVKJB
|9 873216
|
| 650 |
0 |
7 |
|a informácie
|2 KEVKJB
|9 1285
|
| 651 |
|
7 |
|a Barca (Košice IV, Slovensko)
|2 KEVKJB
|9 19218
|
| 651 |
|
7 |
|a Košice (Slovensko)
|2 KEVKJB
|9 18694
|
| 651 |
|
7 |
|a KE,
|2 KEVKJB
|9 877256
|
| 655 |
|
7 |
|a periodikum
|2 snkbucl
|9 29553
|
| 710 |
2 |
|
|a Dobrovoľný hasičský zbor (Košice - Barca, Slovensko)
|4 aut
|9 880204
|
| 773 |
0 |
8 |
|t Barčiansky súčasník
|g Roč. 12, č.5 (2001), s. 4
|
| 852 |
|
|
|a ZVYKNI
|b KIS3GCP
|
| 999 |
|
|
|c 1400613
|d 1402543
|